[Event "TCh-AUT 2001-2"]
[Site "Graz AUT"]
[Date "2002.01.20"]
[Round "8"]
[White "Van der Weide,K"]
[Black "Berndt,S"]
[Result "1/2-1/2"]
[WhiteElo "2454"]
[BlackElo "2482"]

1.e4 c5 2.Nf3 d6 3.Bb5+ Bd7 4.Bxd7+ Qxd7 5.O-O Nc6 6.c3 d5 7.exd5 Qxd5 8.d4 e6
9.Be3 cxd4 10.cxd4 Nf6 11.Nc3 Qa5 12.Qb3 Qb4 13.Ne5 Be7 14.Nxc6 bxc6 15.Qxb4 Bxb4
16.a3 Bd6 17.Bg5 Nd5 18.Ne4 Kd7 19.Rac1 Rhb8 20.Rc2 Rb6 21.Rd1 f5 22.Nxd6 Kxd6
23.Bc1 Rb3 24.Kf1 Rab8 25.Ke2 R8b5 26.Rd3 Kd7 27.Rxb3 Rxb3 28.Rc5 Rb5 29.Kd3 a6  1/2-1/2

[Event "TCh-AUT 2001-2"]
[Site "Graz AUT"]
[Date "2002.01.20"]
[Round "8"]
[White "Madl,I"]
[Black "Popovic,P"]
[Result "1/2-1/2"]
[WhiteElo "2401"]
[BlackElo "2533"]

1.e4 c5 2.Nf3 d6 3.Bb5+ Bd7 4.Bxd7+ Qxd7 5.O-O Nc6 6.c3 d5 7.exd5 Qxd5 8.d4 e6
9.dxc5 Qxd1 10.Rxd1 Bxc5 11.Bf4 Nf6 12.Nbd2 O-O  1/2-1/2

[Event "Cup"]
[Site "Kali HUN"]
[Date "2002.01.20"]
[Round "5"]
[White "Bodo,N"]
[Black "Gadacsi,M"]
[Result "1-0"]
[WhiteElo "2339"]
[BlackElo "2099"]

1.e4 c5 2.Nf3 d6 3.Bb5+ Bd7 4.Bxd7+ Qxd7 5.O-O Nf6 6.e5 dxe5 7.Nxe5 Qc7 8.d4 e6
9.Bf4 Bd6 10.Na3 Nd5 11.Bg3 Qc8 12.Nxf7 Kxf7 13.Bxd6 Re8 14.c4 Nf6 15.Nb5 Qc6
16.Bxc5 Kg8 17.Nxa7 Qd7 18.Nb5  1-0

[Event "Cup"]
[Site "Kali HUN"]
[Date "2002.01.21"]
[Round "6"]
[White "Majeric,Z"]
[Black "Istvandi,L"]
[Result "1/2-1/2"]
[WhiteElo "2337"]
[BlackElo "2286"]

1.e4 c5 2.Nf3 d6 3.Bb5+ Bd7 4.Bxd7+ Qxd7 5.O-O Nc6 6.Re1 Nf6 7.c3 e6 8.d4 cxd4
9.cxd4 d5 10.exd5 Nxd5 11.Nc3 Be7 12.Ne4 Nf6  1/2-1/2

[Event "18th Open"]
[Site "Skopje MKD"]
[Date "2002.01.22"]
[Round "8"]
[White "Organdziev,O"]
[Black "Erdogdu,M"]
[Result "1/2-1/2"]
[WhiteElo "2340"]
[BlackElo "2318"]

1.e4 c5 2.Nf3 d6 3.Bb5+ Bd7 4.Bxd7+ Qxd7 5.O-O Nc6 6.b3 Nf6 7.Re1 e6 8.Bb2 Be7
9.d4 cxd4 10.Nxd4 O-O 11.c4 Rfc8 12.Nc3 Qd8 13.Qd2 Qa5 14.Rad1 Nxd4 15.Nd5 Qxd2
16.Nxe7+ Kf8 17.Rxd2 Nxb3 18.axb3 Kxe7 19.Ba3 Ke8 20.Bxd6 a5 21.f3 Nd7 22.Ra2 Ra6
23.e5 Nc5 24.Re3 b6 25.Bxc5  1/2-1/2

[Event "Corus B"]
[Site "Wijk aan Zee NED"]
[Date "2002.01.22"]
[Round "7"]
[White "Skripchenko,A"]
[Black "Van der Wiel,J"]
[Result "1/2-1/2"]
[WhiteElo "2498"]
[BlackElo "2501"]

1.e4 c5 2.Nf3 d6 3.Bb5+ Bd7 4.Bxd7+ Nxd7 5.O-O Ngf6 6.Qe2 e6 7.d4 cxd4 8.Nxd4 a6
9.c4 Be7 10.Nc3 Rc8 11.a4 Qa5 12.Nc2 O-O 13.Bd2 Qc7 14.b3 Rfe8 15.Rfe1 Nc5
16.Rab1 b6 17.Nd4 Nfd7 18.Be3 Nf6 19.Bd2 Nfd7  1/2-1/2

[Event "Cup"]
[Site "Kali HUN"]
[Date "2002.01.24"]
[Round "9"]
[White "Lakos,N"]
[Black "Gadacsi,M"]
[Result "1-0"]
[WhiteElo "2306"]
[BlackElo "2099"]

1.e4 c5 2.Nf3 d6 3.Bb5+ Bd7 4.Bxd7+ Qxd7 5.O-O Nc6 6.Qe2 Nf6 7.Rd1 e6 8.b3 Be7
9.Bb2 O-O 10.d4 cxd4 11.Nxd4 Nxd4 12.Bxd4 b5 13.a4 b4 14.a5 Rac8 15.f3 Rc7
16.c4 bxc3 17.Nxc3 Rfc8 18.Na4 Qc6 19.Qe3 e5 20.Bxa7 d5 21.Bb6 d4 22.Qd2 Rd7
23.Rdc1 Qa8 24.Qd3 Bb4 25.Rc4 Qa6 26.Nc5 Bxc5 27.Rxc5 Qa8 28.Rac1 Re8 29.Rc7 h6
30.b4 Kh7 31.b5 Qb8 32.Kf2 Ree7 33.Rc8 Qb7 34.R8c6 Nh5 35.a6 Nf4 36.Qd2  1-0

[Event "Corus Tens"]
[Site "Wijk aan Zee NED"]
[Date "2002.01.24"]
[Round "6"]
[White "Rogers,I"]
[Black "Van Blitterswijk,S"]
[Result "1/2-1/2"]
[WhiteElo "2555"]
[BlackElo "2384"]

1.e4 c5 2.Nf3 d6 3.Bb5+ Nd7 4.d4 Nf6 5.Nc3 cxd4 6.Qxd4 a6 7.Bxd7+ Nxd7 8.Bg5 f6
9.Bh4 e6 10.O-O-O Be7 11.Bg3 Ne5 12.Nd2 Bd7 13.f4 Nc6 14.Qe3 Rc8 15.Kb1 b5
16.e5 dxe5 17.fxe5 f5 18.Nde4 fxe4 19.Rhf1 Qa5 20.Nxe4 Nb4 21.a3 Qa4 22.axb4 Qxc2+
23.Ka1 Qa4+ 24.Qa3 Rf8 25.Qxa4 bxa4 26.Nd6+ Bxd6 27.exd6 Rxf1 28.Rxf1 Bb5
29.Re1 Kd7 30.Ka2 Rc2 31.Ka3 g6 32.Re3 Re2 33.Rf3 e5 34.b3 axb3 35.Kxb3 Kxd6
36.Rf7 Rxg2 37.Rxh7 Ke6 38.Rg7 Kf6 39.Rg8 e4 40.Rf8+ Ke6 41.Rf4 Bd3 42.Rf2 Rg1
43.Kc3 Rc1+ 44.Kd2 Rc4 45.Bh4 Rxb4 46.Ke3 Kd5 47.Rf6 Bb5 48.Rxg6 Rb3+ 49.Kd2 e3+
50.Kc2 Ra3 51.Kb2 Ra4 52.Bg3 Re4 53.h4 e2 54.Be1 Rf4 55.Kc3 Rf3+ 56.Kd2 Rd3+
57.Kc2 Rd1 58.Rg1 a5 59.Rg5+ Kc6 60.Bxa5 Bd3+ 61.Kb2 Rb1+ 62.Ka2 Rb8 63.Be1 Bc4+  1/2-1/2

[Event "Kaissa Open"]
[Site "Kharkov UKR"]
[Date "2002.01.25"]
[Round "4"]
[White "Karas,B"]
[Black "Grinblat,D"]
[Result "1-0"]
[WhiteElo "2265"]
[BlackElo "2396"]

1.e4 c5 2.Nf3 d6 3.Bb5+ Bd7 4.Bxd7+ Qxd7 5.c4 Nf6 6.Nc3 Nc6 7.d4 cxd4 8.Nxd4 g6
9.f3 Bg7 10.Be3 O-O 11.O-O Rac8 12.b3 Ne8 13.Qd2 Nc7 14.Rad1 Rfe8 15.Nde2 Red8
16.Nd5 Rb8 17.Rc1 b6 18.Bh6 Bh8 19.h3 Ne8 20.Bg5 Rdc8 21.Kh1 Rb7 22.f4 f6
23.Bh4 e6 24.Ne3 b5 25.cxb5 Rxb5 26.f5 Re5 27.Nc3 Ne7 28.Bg3 Rxc3 29.Rxc3 Rxe4
30.fxe6 Qxe6 31.Rd3 Kf7 32.Rf3 Nc8 33.Rd4 f5 34.Rxe4 Qxe4 35.Qd5+ Qxd5 36.Nxd5 Ke6
37.Rd3 g5 38.Bf2 f4 39.Bd4 Be5 40.Bxe5 dxe5 41.Rc3 Ned6 42.Rc5 e4 43.Nc7+ Kf6
44.Ne8+ Nxe8 45.Rxc8 Nd6 46.Rc7 e3 47.Kg1 Ne4 48.Kf1 h5 49.Rxa7 Ng3+ 50.Ke1 g4
51.hxg4 hxg4 52.Ra8 Ke5 53.Rg8 Kf5 54.a4 Ne4 55.a5 Nc5 56.Ke2 Nxb3 57.a6 Nd4+
58.Kf1 f3 59.gxf3 gxf3 60.a7 Nc2 61.Re8  1-0

[Event "CMA Futurity"]
[Site "Montreal CAN"]
[Date "2002.01.25"]
[Round "3"]
[White "Hebert,J"]
[Black "Schleifer,M"]
[Result "1-0"]
[WhiteElo "2398"]
[BlackElo "2389"]

1.e4 c5 2.Nf3 d6 3.Bb5+ Bd7 4.Bxd7+ Qxd7 5.c4 Nf6 6.Nc3 g6 7.d4 cxd4 8.Nxd4 Bg7
9.f3 Nc6 10.Be3 O-O 11.Rc1 a6 12.a4 Ne5 13.b3 Qd8 14.O-O Nfd7 15.Rf2 Nc5
16.Rd2 a5 17.Ndb5 Ned7 18.Nd5 h6 19.Qc2 Na6 20.Rcd1 Ndc5 21.Qb1 Rc8 22.Bf2 Nb4
23.Na7 Nxd5 24.Rxd5 b6 25.Nxc8 Qxc8 26.Qc2 Qc6 27.Bg3 Nd7 28.Rb5 Nc5 29.Kh1 Nd7
30.Qd2 Nc5 31.Qd5 Qc7 32.f4 Rd8 33.Re1 Ne6 34.Qd1 Nc5 35.Bf2 e6 36.Qf3 Qc6
37.Kg1 Rb8 38.e5 Qc7 39.exd6 Qxd6 40.Rd1 Qc7 41.g3 Re8 42.Bxc5 bxc5 43.Rb7 Qc8
44.Rdd7 Bd4+ 45.Kf1 Rf8 46.Rbc7 Qb8 47.Rb7 Qc8 48.Ke2 Bf6 49.Rbc7 Qe8 50.Qc6 e5  1-0

[Event "39th BPCL ch-IND"]
[Site "Nagpur IND"]
[Date "2002.01.29"]
[Round "13"]
[White "Ramesh,R"]
[Black "Konguvel,P"]
[Result "1/2-1/2"]
[WhiteElo "2480"]
[BlackElo "2404"]

1.e4 c5 2.Nf3 d6 3.Bb5+ Bd7 4.Bxd7+ Qxd7 5.O-O Nc6 6.c3 Nf6 7.Qe2 e6 8.d4 cxd4
9.cxd4 d5 10.e5 Ne4 11.Be3 Be7 12.Ne1 f6 13.f3 Ng5 14.exf6 Bxf6 15.Nc3 O-O
16.Nc2 Nf7 17.Bf2 Nd6 18.Rfe1 Rae8 19.Rad1 Nf5 20.Qd3 Bg5 21.Ne2 Qd6 22.a3 Na5
23.b3 Nc6 24.Ra1 Nce7 25.Ng3 Bf4 26.Nf1 Nc6 27.Re2 Rf6 28.Rae1 h5 29.b4 Kf7
30.Na1 h4 31.Nb3 b6 32.Qb5 Rg6 33.Rc2 Nce7 34.Nc1 h3 35.g4 Bxc1 36.Rexc1 Qf4
37.Qd3 Qg5 38.Qd2 Qxd2 39.Rxd2 Nd6 40.Ne3 Rf6 41.Bg3 Rc8 42.Rxc8 Nexc8 43.Rf2 Ke8
44.Be5 Rf7 45.f4 Rc7 46.f5 Rc3 47.Re2 Ne4 48.Rc2 Rxc2 49.Nxc2 exf5 50.gxf5 Kf7  1/2-1/2

[Event "39th BPCL ch-IND"]
[Site "Nagpur IND"]
[Date "2002.02.02"]
[Round "17"]
[White "Ramesh,R"]
[Black "Saravanan,V"]
[Result "1/2-1/2"]
[WhiteElo "2480"]
[BlackElo "2393"]

1.e4 c5 2.Nf3 d6 3.Bb5+ Bd7 4.Bxd7+ Nxd7 5.c4 Ngf6 6.Nc3 e6 7.O-O Be7 8.d4 cxd4
9.Nxd4 a6 10.b3 Rc8 11.Bb2 O-O 12.f4 Re8 13.Kh1 Bf8 14.Qe2 e5 15.fxe5 Nxe5
16.Rad1 g6 17.Nc2 Ned7 18.Qf3 Qe7 19.Ne3 Bg7 20.Qf4 Nh5 21.Qf2 Qe6 22.Ned5 Ndf6
23.Qf3 Nxd5 24.exd5 Qe7 25.Bc1 f5 26.Bd2 Nf6 27.Rde1 Ne4 28.Nxe4 fxe4 29.Qg4 b5
30.Rf4 Rf8 31.Rfxe4 Qf7 32.Qe2 bxc4 33.bxc4 Qf2 34.Qxf2 Rxf2 35.Bf4 Rf8 36.g3 Rxa2
37.Bxd6 Rff2 38.Re8+ Kf7 39.R8e7+ Kf6 40.g4 Bf8 41.R7e6+ Kg5 42.Bg3 Rfc2
43.Rf1 Bc5 44.h3 Rc3 45.Re5+ Kh6 46.Bf4+ Kg7 47.Re7+ Kg8 48.Re8+ Kf7 49.Re3 Bxe3
50.Be5+ Ke8 51.Bxc3 Rc2 52.Be5 Rxc4 53.Kg2 Bd4 54.Bf4 Bc5 55.d6 Kd7 56.Bg3 Rc2+
57.Kh1 Bxd6 58.Bxd6 Kxd6 59.Rf7  1/2-1/2

[Event "7th HIT Open"]
[Site "Nova Gorica SLO"]
[Date "2002.02.03"]
[Round "4"]
[White "Zelcic,R"]
[Black "Fercec,N"]
[Result "1-0"]
[WhiteElo "2544"]
[BlackElo "2438"]

1.e4 c5 2.Nf3 d6 3.Bb5+ Nc6 4.O-O Bd7 5.Re1 Nf6 6.c3 a6 7.Bf1 Bg4 8.h3 Bh5
9.d3 e6 10.Nbd2 Be7 11.a3 O-O 12.b4 Nd7 13.Bb2 Nde5 14.d4 Nxf3+ 15.Nxf3 cxd4
16.cxd4 d5 17.exd5 Qxd5 18.g4 Bg6 19.Ne5 Rfd8 20.Bg2 Qb5 21.Nxc6 bxc6 22.Rc1 Rac8
23.Bf1 Qb7 24.Qa4 a5 25.Qxa5 Ra8 26.Qe5 Bd6 27.Qe3 Rac8 28.Bg2 Bb8 29.f4 h5
30.Qf3 hxg4 31.hxg4 Rd5 32.Rc5 Rcd8 33.f5 Bh7 34.Rxd5 cxd5 35.Bc1 Qc7 36.Qh3 Rf8
37.Rf1 Qc4 38.fxe6 fxe6 39.Rxf8+ Kxf8 40.Be3 Qd3 41.Bf2 Qd1+ 42.Bf1 Bf4 43.a4 Ke7
44.a5 Kd7 45.b5 Be4 46.a6 Kc7 47.Qc3+ Kd8 48.Bg3 Qxg4 49.Kf2 Bxg3+ 50.Qxg3 Qd1
51.Qc3 Qb1 52.Kg1 Qd1 53.a7 Qg4+ 54.Kf2 Qf4+ 55.Ke1 Qh4+ 56.Kd2  1-0

[Event "Aeroflot Open"]
[Site "Moscow RUS"]
[Date "2002.02.05"]
[Round "1"]
[White "Vescovi,G"]
[Black "Janssen,R"]
[Result "1-0"]
[WhiteElo "2590"]
[BlackElo "2476"]

1.e4 c5 2.Nf3 d6 3.Bb5+ Bd7 4.Bxd7+ Qxd7 5.c4 Nf6 6.Nc3 Nc6 7.d4 cxd4 8.Nxd4 Qg4
9.Qxg4 Nxg4 10.Nxc6 bxc6 11.Bf4 h5 12.Ke2 f6 13.h3 Ne5 14.c5 dxc5 15.Bxe5 fxe5
16.Rhc1 Rb8 17.Nd1 e6 18.Rc4 Rb4 19.Rac1 Kd7 20.b3 Bd6 21.Nb2 Rhb8 22.Nd3 Rxc4
23.Rxc4 Rb5 24.f4 exf4 25.e5 Bb8 26.h4 Bc7 27.Kf3 Ba5 28.Nxf4 Bc7 29.Ke4 Rb8
30.Nxh5 Rf8 31.Nf4 Rf5 32.Nd3 g5 33.g4 Rf1 34.hxg5 Rg1 35.Kf3  1-0

[Event "Aeroflot Open"]
[Site "Moscow RUS"]
[Date "2002.02.07"]
[Round "4"]
[White "Ovetchkin,R"]
[Black "Lerner,K"]
[Result "1-0"]
[WhiteElo "2483"]
[BlackElo "2569"]

1.e4 c5 2.Nf3 d6 3.Bb5+ Bd7 4.Bxd7+ Nxd7 5.O-O Ngf6 6.Qe2 e6 7.d4 cxd4 8.Nxd4 a6
9.c4 Rc8 10.b3 Be7 11.Bb2 O-O 12.Nc3 Re8 13.Rad1 Qa5 14.f4 Bf8 15.Kh1 Qh5
16.Nf3 Rc7 17.e5 dxe5 18.fxe5 Ng4 19.Ne4 f6 20.exf6 Ndxf6 21.Nxf6+ Nxf6 22.g4 Qg6
23.Ne5 Qe4+ 24.Qxe4 Nxe4 25.Rf4 Nc5 26.g5 b5 27.Bc3 Nb7 28.Rfd4 Rec8 29.h4 a5
30.Be1 bxc4 31.Nxc4 Rc5 32.Rd7 Rb5 33.Kg2 Bb4 34.Bf2 Bf8 35.R1d2 Nc5 36.Rd8 Rxd8
37.Rxd8 Ne4 38.Be1 a4 39.b4 Kf7  1-0

[Event "Aeroflot Open"]
[Site "Moscow RUS"]
[Date "2002.02.07"]
[Round "5"]
[White "Vescovi,G"]
[Black "Karjakin,Sergey"]
[Result "1-0"]
[WhiteElo "2590"]
[BlackElo "2460"]

1.e4 c5 2.Nf3 d6 3.Bb5+ Nd7 4.d4 Nf6 5.Nc3 a6 6.Bxd7+ Nxd7 7.O-O e6 8.Bg5 Qc7
9.d5 e5 10.a4 b6 11.Nd2 h6 12.Be3 Be7 13.f4 exf4 14.Bxf4 Ne5 15.Bxe5 dxe5
16.Nc4 Bd6 17.Qh5 O-O 18.Rf3 Rb8 19.Raf1 f6 20.Qg6 Kh8 21.Rxf6 gxf6 22.Rxf6 Qg7
23.Qxh6+ Qxh6 24.Rxh6+ Kg7 25.Rxd6 b5 26.axb5 axb5 27.Nxe5 b4 28.Na4 Ra8
29.b3 Rf4 30.Nd3 Rxe4 31.Ndxc5 Re8 32.Rb6 Bf5 33.Rxb4 Bxc2 34.d6 Re1+ 35.Kf2 Rd1
36.d7 Kf7 37.Rb7 Kf6 38.Rc7 Bxb3 39.Rc8 Rxa4 40.d8=Q+ Rxd8 41.Rxd8 Ra2+ 42.Kg3 Bc4
43.Rd2 Ra5 44.Ne4+ Ke5 45.Ng5 Bd5 46.Kh4 Ra8 47.g4 Kf4 48.Rxd5 Rh8+ 49.Nh7 Rxh7+
50.Rh5 Rf7 51.Rh8 Ke5 52.Kh5 Kf6 53.Kh6  1-0

[Event "7th HIT Open"]
[Site "Nova Gorica SLO"]
[Date "2002.02.08"]
[Round "9"]
[White "Pavasovic,D"]
[Black "Cvitan,O"]
[Result "1/2-1/2"]
[WhiteElo "2547"]
[BlackElo "2550"]

1.e4 c5 2.Nf3 d6 3.Bb5+ Bd7 4.Bxd7+ Qxd7 5.c4 Nc6 6.O-O Nf6 7.Nc3 g6 8.d4 cxd4
9.Nxd4 Bg7 10.Nde2 O-O 11.f3 Rac8  1/2-1/2

[Event "13th Asian Cities"]
[Site "Aden YEM"]
[Date "2002.02.09"]
[Round "3"]
[White "Lim Yee Weng"]
[Black "Vivek Kumar,S"]
[Result "0-1"]
[WhiteElo "2175"]
[BlackElo "2287"]

1.e4 c5 2.Nf3 d6 3.Bb5+ Nd7 4.d4 cxd4 5.Qxd4 Nf6 6.Bg5 a6 7.Bxd7+ Nxd7 8.Nc3 h6
9.Be3 e6 10.O-O Qc7 11.Rfd1 Ne5 12.Nxe5 dxe5 13.Qb6 Qxb6 14.Bxb6 Bd7 15.Bc7 f6
16.Bd6 Rc8 17.Bxf8 Rxf8 18.Rd2 Bc6 19.f3 Rf7 20.Kf2 Rcc7 21.Ne2 Ke7 22.c3 f5
23.exf5 exf5 24.Re1 Rd7 25.Rxd7+ Kxd7 26.f4 Re7  0-1

[Event "Aeroflot Open"]
[Site "Moscow RUS"]
[Date "2002.02.09"]
[Round "7"]
[White "Shabanov,Y"]
[Black "Shchekachev,A"]
[Result "0-1"]
[WhiteElo "2463"]
[BlackElo "2573"]

1.e4 c5 2.Nf3 d6 3.Bb5+ Nd7 4.c3 Nf6 5.d3 g6 6.O-O Bg7 7.Re1 a6 8.Ba4 b5
9.Bc2 O-O 10.Nbd2 e5 11.a4 Bb7 12.b4 Qc7 13.Nb3 cxb4 14.cxb4 Rac8 15.Bb1 d5
16.axb5 axb5 17.Bd2 Rfd8 18.Qe2 Qd6 19.Rc1 Rxc1+ 20.Nxc1 Nb6 21.Ra7 Bc8 22.h3 h6
23.Nb3 dxe4 24.dxe4 Nc4 25.Be1 Nh5 26.Nc5 Nf4 27.Qc2 Qb6 28.Ra8 Bf8 29.Nb3 Nd3
30.Bc3 Nxb4 31.Qc1 Nc6 32.Nbd2 Qb7 33.Ra1 Nd4 34.Bxd4 exd4 35.Nxc4 bxc4 36.Qxc4 Qb2
37.Qa2 Qc1+ 38.Kh2 Qf4+ 39.Kg1 d3 40.Qa5 Qc1+ 41.Kh2 Bd6+ 42.e5 Bc7 43.Qa4 Qb2
44.Ba2 Bxe5+ 45.Nxe5 Qxe5+ 46.f4 Qf6 47.Rd1 Bb7 48.Qb4 Ba8 49.Bb1 Rd4 50.Qb8+ Rd8
51.Qb4 Qc6 52.Rd2 Qe4 53.Qxe4 Bxe4 54.Kg3 Rb8 55.Ba2 Rc8 56.Bb3 Kg7 57.Kf2 Rc2
58.Ke3 Rxd2 59.Kxd2 Bxg2 60.h4 Be4 61.Ke3 Bf5 62.Bc4  0-1

[Event "Aeroflot Open"]
[Site "Moscow RUS"]
[Date "2002.02.09"]
[Round "7"]
[White "Zavgorodniy,S"]
[Black "Korobov,A"]
[Result "1/2-1/2"]
[WhiteElo "2407"]
[BlackElo "2511"]

1.e4 c5 2.Nf3 d6 3.Bb5+ Bd7 4.Bxd7+ Qxd7 5.c4 Nc6 6.Nc3 g6 7.d4 cxd4 8.Nxd4 Bg7
9.Nde2 Nf6 10.O-O O-O 11.f3 Rfc8 12.Bg5 Qd8 13.b3 a6 14.a4 Nd7 15.Rb1 Nc5
16.Kh1 Rab8 17.Qd2 Ne6 18.Be3 Nc5 19.Bg5 Qf8 20.Be3 Na5 21.Qa2 Nc6 22.Qd2 Rd8
23.Nd5 Nd7 24.Nb6 Nxb6 25.Bxb6 Rd7 26.Nc3 e6 27.Ne2 f5 28.exf5 gxf5 29.Bc5 Rbd8
30.Bb6 Re8 31.Bc5 Red8 32.Bb6 Re8 33.Bc5  1/2-1/2

[Event "XVIII Open"]
[Site "Cappelle la Grande FRA"]
[Date "2002.02.10"]
[Round "2"]
[White "Khamatgaleev,A"]
[Black "Gallagher,Jo"]
[Result "1-0"]
[WhiteElo "2400"]
[BlackElo "2503"]

1.e4 c5 2.Nf3 d6 3.Bb5+ Nd7 4.d4 Nf6 5.Nc3 a6 6.Bxd7+ Nxd7 7.dxc5 Nxc5 8.O-O e6
9.Bg5 Qc7 10.Re1 f6 11.Bf4 b5 12.a3 Be7 13.Qd2 Nd7 14.a4 bxa4 15.Rxa4 Ne5
16.Qe2 O-O 17.Rea1 Rb8 18.Bc1 Nxf3+ 19.Qxf3 f5 20.exf5 Rxf5 21.Qe2 d5 22.Nd1 Bd6
23.Rh4 Qe7 24.Rh5 Rxh5 25.Qxh5 e5 26.Ne3 Qe6 27.b3 d4 28.Nc4 Bc7 29.Bb2 Bb7
30.Re1 Re8 31.f3 g6 32.Qg5 Bd5 33.Bxd4 Bxc4 34.bxc4 Qxc4 35.Be3 a5 36.h3 a4
37.Rd1 a3 38.Qf6 a2 39.Bh6 Qf7 40.Qa6 e4 41.fxe4 Be5 42.c4 a1=Q 43.Rxa1 Bxa1
44.Qxa1 Rxe4 45.c5 Re2 46.Qd4 Re7 47.Kh2 Re6 48.Bf4 h5 49.Bd6 Qb7 50.Qf4 Qf7
51.Qd4 Re2 52.Qd3 Qe6 53.Qf3 Kh7 54.Qb7+ Kh6 55.Qa8 Qf6 56.Bf8+ Kh7 57.Qb7+ Kg8
58.Bd6  1-0

[Event "10th Open"]
[Site "Valle d'Aosta ITA"]
[Date "2002.02.10"]
[Round "2"]
[White "D'Amore,C"]
[Black "Dominguez,L"]
[Result "0-1"]
[WhiteElo "2436"]
[BlackElo "2594"]

1.e4 c5 2.Nf3 d6 3.Bb5+ Bd7 4.Qe2 Nc6 5.c3 g6 6.O-O Bg7 7.Rd1 a6 8.Bxc6 Bxc6
9.d4 cxd4 10.Nxd4 Bd7 11.c4 Nf6 12.Nc3 O-O 13.Bg5 Rc8 14.Rac1 Re8 15.Nf3 h6
16.Bh4 Qc7 17.c5 Qxc5 18.e5 Ng4 19.exd6 exd6 20.Qd2 Qh5 21.Nd5 Rxc1 22.Rxc1 Ne5
23.Nxe5 Qxe5 24.h3 Bc6 25.Rd1 Bxd5 26.Qxd5 Qxd5 27.Rxd5 Bxb2  0-1

[Event "13th Asian Cities"]
[Site "Aden YEM"]
[Date "2002.02.11"]
[Round "7"]
[White "Lim Yee Weng"]
[Black "Kotsur,P"]
[Result "1/2-1/2"]
[WhiteElo "2175"]
[BlackElo "2578"]

1.e4 c5 2.Nf3 d6 3.Bb5+ Nd7 4.d4 Nf6 5.Nc3 a6 6.Bxd7+ Nxd7 7.O-O e6 8.Bg5 Qc7
9.d5 e5 10.a4 h6 11.Bh4 g6 12.Nd2 b6 13.Nc4 Bg7 14.Ra3 Rb8 15.Rb3 f6 16.Bg3 O-O
17.f4 exf4 18.Bxf4 Ne5 19.Nxe5 fxe5 20.Be3 Bd7 21.Rxf8+ Rxf8 22.Qe2 Qb7 23.h3 Kh7
24.Kh2 Rb8 25.Qf1 Rf8 26.Qe2 Rb8 27.Qf1 Qc8 28.Ra3 Be8 29.Ra1 Qb7 30.Nb1 b5
31.axb5 Bxb5 32.Qc1 Ra8 33.b3 Rf8 34.Nd2  1/2-1/2

[Event "10th Open"]
[Site "Valle d'Aosta ITA"]
[Date "2002.02.11"]
[Round "3"]
[White "Fernandez Garcia,Jo"]
[Black "Vera,R"]
[Result "1/2-1/2"]
[WhiteElo "2470"]
[BlackElo "2534"]

1.e4 c5 2.Nf3 d6 3.Bb5+ Bd7 4.Bxd7+ Nxd7 5.O-O Ngf6 6.Qe2 Rc8 7.Rd1 a6 8.d4 cxd4
9.Rxd4 Qc7 10.Na3 b5 11.Bg5 e5 12.Rdd1 b4 13.Nb1 Qc4  1/2-1/2

[Event "XVIII Open"]
[Site "Cappelle la Grande FRA"]
[Date "2002.02.14"]
[Round "6"]
[White "Saiboulatov,D"]
[Black "Timoshenko,G"]
[Result "1/2-1/2"]
[WhiteElo "2231"]
[BlackElo "2560"]

1.e4 c5 2.Nf3 d6 3.Bb5+ Nc6 4.O-O Bd7 5.Re1 Nf6 6.c3 a6 7.Bf1 Bg4 8.h3 Bh5
9.d4 Bxf3 10.gxf3 e5 11.dxc5 dxc5 12.Qxd8+ Rxd8 13.Na3 Be7 14.Nc4 O-O 15.Nb6 g6  1/2-1/2

[Event "XVIII Open"]
[Site "Cappelle la Grande FRA"]
[Date "2002.02.14"]
[Round "6"]
[White "Rapinel,F"]
[Black "Sammalvuo,T"]
[Result "0-1"]
[WhiteElo "2199"]
[BlackElo "2433"]

1.e4 c5 2.Nf3 d6 3.Bb5+ Bd7 4.Bxd7+ Qxd7 5.O-O Nc6 6.Re1 Nf6 7.d4 cxd4 8.Nxd4 g6
9.c4 Bg7 10.f3 O-O 11.Be3 Rfc8 12.Nc3 Nxd4 13.Bxd4 Rxc4 14.Rc1 Qd8 15.Nd5 Rxc1
16.Qxc1 Nxd5 17.Bxg7 Qb6+ 18.Kh1 Nb4 19.Qc3 Nxa2  0-1

[Event "Petrov Mem Open"]
[Site "St Petersburg RUS"]
[Date "2002.02.15"]
[Round "4"]
[White "Kashtanov,R"]
[Black "Loginov,Va"]
[Result "1/2-1/2"]
[WhiteElo "2392"]
[BlackElo "2524"]

1.e4 c5 2.Nf3 d6 3.Bb5+ Bd7 4.Bxd7+ Qxd7 5.c4 Nc6 6.d4 cxd4 7.Nxd4 g6 8.Nc3 Bg7
9.Nde2 Nf6 10.f3 O-O 11.O-O a6 12.a4 Rfc8 13.Be3 Qd8 14.Rb1 Nd7 15.b3 Rab8
16.Qd2 b6 17.Bg5 Nc5 18.Rfc1 Qf8 19.Nd5 Rb7 20.Rc2 Kh8 21.Bh4 e6 22.Ne3 a5
23.Rcc1 f5 24.exf5 gxf5 25.Rd1 Rd7 26.Bg3 Rcd8 27.Bh4 Re8 28.Bg3 Qf6 29.Qe1 Bh6
30.Bf4 Rg8 31.Bxh6 Qxh6 32.Qc3+ Rgg7 33.Kh1 Qg5 34.Rg1 Ne5 35.Rbd1 f4 36.Nc2 Qf5
37.Ncd4 Ned3 38.Rgf1 Qg5 39.g3 fxg3 40.Nxg3 Qe3 41.Nb5 d5 42.cxd5 Rxd5 43.Rd2 Kg8
44.Ne4 Rf5 45.Qd4 Qxd4 46.Nxd4 Nxe4 47.Rxd3 Rf6 48.Nxe6 Rxe6 49.fxe4 Rg4
50.h3 Rgxe4 51.Rg3+ Rg6 52.Rxg6+ hxg6 53.Rf6 Rb4 54.Rxg6+ Kh7 55.Rg3 b5 56.axb5 Rxb5  1/2-1/2

[Event "Petrov Mem Open"]
[Site "St Petersburg RUS"]
[Date "2002.02.15"]
[Round "4"]
[White "Kornev,Alexe"]
[Black "Isajevsky,A"]
[Result "1-0"]
[WhiteElo "2536"]
[BlackElo "2368"]

1.e4 c5 2.Nf3 d6 3.Bb5+ Bd7 4.Bxd7+ Qxd7 5.O-O Nc6 6.c3 d5 7.exd5 Qxd5 8.d4 e6
9.Qa4 Nf6 10.Na3 cxd4 11.Nb5 Qd7 12.Rd1 Nd5 13.Nbxd4 Nxd4 14.Qxd4 Nb6 15.Be3 Qxd4
16.Nxd4 Kd7 17.c4 f6 18.Nb5+ Kc6 19.Rd3 Bc5 20.Bxc5 Kxc5 21.Nc7 Rac8 22.Nxe6+ Kxc4
23.Rd4+ Kb5 24.a4+ Ka6 25.b4 Na8 26.Rd6+  1-0

[Event "XVIII Open"]
[Site "Cappelle la Grande FRA"]
[Date "2002.02.16"]
[Round "8"]
[White "Khamatgaleev,A"]
[Black "Gormally,D"]
[Result "1/2-1/2"]
[WhiteElo "2400"]
[BlackElo "2506"]

1.e4 c5 2.Nf3 d6 3.Bb5+ Nd7 4.d4 Nf6 5.Nc3 cxd4 6.Qxd4 e5 7.Qd3 h6 8.Be3 Be7
9.O-O a6 10.Bc4 b5 11.Bd5 Rb8 12.Ba7 Nxd5 13.Nxd5 Rb7 14.Be3 Nf6 15.Nxe7 Rxe7
16.a4 bxa4 17.Rxa4 Bb7 18.Nd2 O-O 19.f3 Qc7 20.c4 Nd7  1/2-1/2

[Event "10th Open"]
[Site "Valle d'Aosta ITA"]
[Date "2002.02.16"]
[Round "8"]
[White "Zelcic,R"]
[Black "Cebalo,M"]
[Result "1/2-1/2"]
[WhiteElo "2544"]
[BlackElo "2492"]

1.e4 c5 2.Nf3 d6 3.Bb5+ Nd7 4.d4 Nf6 5.Nc3 cxd4 6.Qxd4 e5 7.Qd3 h6 8.Be3 Be7
9.Bc4 a6 10.a4 Qc7 11.O-O Nc5 12.Bxc5 Qxc5 13.Nd5 Nxd5 14.Bxd5 O-O 15.Ra3 Rb8
16.Rc3 Qa5 17.Qc4 b5 18.axb5 axb5 19.Qc7 Qxc7 20.Rxc7 Bd8 21.Rc6 Be7 22.Ra1 Bb7
23.Rc7 Ra8 24.Rxa8 Rxa8 25.Kf1 Bxd5 26.exd5 Bf6 27.Nd2 Ra4 28.c3 Bg5 29.Nf3 Ra1+
30.Ke2 Ra2 31.Rc8+ Kh7 32.Nxg5+ hxg5 33.Rc6 Rxb2+ 34.Ke3 b4 35.cxb4 Rb3+
36.Ke2 Rxb4 37.Rxd6 Rd4 38.h3 f6 39.g3 Kg6 40.Rd7 Kh7 41.Ke3 Kg6 42.d6 Kf5  1/2-1/2

[Event "TCh-BEL 2001-2"]
[Site "Belgium BEL"]
[Date "2002.02.17"]
[Round "9"]
[White "Degraeve,JM"]
[Black "Van Beers,E"]
[Result "1-0"]
[WhiteElo "2591"]
[BlackElo "2340"]

1.e4 c5 2.Nf3 d6 3.Bb5+ Nd7 4.d4 Nf6 5.Nc3 a6 6.Bxd7+ Nxd7 7.O-O e6 8.Bg5 Qc7
9.dxc5 Nxc5 10.Qd4 f6 11.Be3 Be7 12.a4 Nd7 13.a5 Ne5 14.Nxe5 dxe5 15.Qa4+ Bd7
16.Qb3 Kf7 17.Rfd1 Rhc8 18.Bb6 Qc6 19.Rd2 Be8 20.f3 Qc4 21.Qxc4 Rxc4 22.Nd1 Rac8
23.Ne3 Rb4 24.b3 g6 25.Rd3 Rc6 26.c4 Rbxb6 27.axb6 Rxb6 28.g4 Bc5 29.Kf1 Bd4
30.Ra2 Rc6 31.Ke2 b5 32.cxb5 axb5 33.Rc2 Ke7 34.Rxc6 Bxc6 35.b4 Bd7 36.Ra3 f5
37.Kd3 h5 38.gxh5 gxh5 39.Ra8 Kf6 40.Rd8 Ke7 41.Rh8 fxe4+ 42.fxe4 Be8 43.Nf1 Bg1
44.h3 Bf2 45.Nd2 Be1 46.Ke2 Bh4 47.Nf3 Bf6 48.Rg8 Bc6 49.Ke3 Bd7 50.Kd3 Be8
51.Ng1 Bh4 52.Ne2 Be1 53.Nc3 Kf7 54.Rg1 Bh4 55.Kc2 Be7 56.Kb3 Bd8 57.Ra1 Bb6
58.Ra6 Bd4 59.Ra8 Ke7 60.Rb8 Bxc3 61.Kxc3 Bc6 62.Kd3 Kf6 63.Rg8 Bd7 64.Ke3 Bc6
65.Kf3 Bd7 66.Rd8 Bc6 67.Rc8 Bd7 68.Rc5 Be8 69.Kg3 Bd7 70.Kh4 Be8 71.Rc8 Bg6
72.Rb8 Bxe4 73.Rxb5 Bf3 74.Kg3 Be4 75.Rb8 Kf7 76.b5  1-0

[Event "Petrov Mem Open"]
[Site "St Petersburg RUS"]
[Date "2002.02.17"]
[Round "6"]
[White "Kornev,Alexe"]
[Black "Alekseev,E"]
[Result "1-0"]
[WhiteElo "2536"]
[BlackElo "2552"]

1.e4 c5 2.Nf3 d6 3.Bb5+ Bd7 4.Bxd7+ Qxd7 5.O-O Nf6 6.Re1 Nc6 7.b3 e6 8.Bb2 Be7
9.d4 cxd4 10.Nxd4 O-O 11.c4 a6 12.Nc3 Rab8 13.a4 Qc7 14.Nde2 Rfe8 15.Ng3 Nd7
16.Rb1 Rbd8 17.Ba1 Qa5 18.Qd2 Bg5 19.f4 Bh4 20.Re3 Nf6 21.Rd3 Qb6+ 22.Kh1 Nb4
23.Rf3 d5 24.Qe2 d4 25.Nd1 d3 26.Qd2 Bxg3 27.Bxf6 gxf6 28.Rxg3+ Kh8 29.Nf2 a5
30.Nxd3 Qd4 31.Rd1 Rg8 32.Re3 Rd7 33.Qe2 Rgd8 34.Rh3 Nxd3 35.Rhxd3 Qxd3 36.Rxd3 Rxd3
37.h3 Rxb3 38.Qh5 Rd7 39.Qh6 Kg8 40.Qxf6 Rd2 41.Qg5+ Kf8 42.Qxa5 Rb1+ 43.Kh2 Rbb2
44.Qg5 Ke8 45.Qg7 Ke7 46.e5 Rbc2 47.a5 h5 48.h4 Re2 49.Qg8 Rb2 50.Kh3 Rb3+
51.g3 Ree3 52.c5 Ra3 53.Qg7 Rec3 54.Qg8 Re3 55.Qg5+ Kd7 56.Qxh5 Rxg3+ 57.Kh2 Ke7
58.f5 exf5 59.Qxf5 Rgb3 60.Qf2 Rxa5 61.h5 Rab5 62.Qf6+ Ke8 63.e6 Rb2+ 64.Kg1 fxe6
65.Qxe6+ Kf8 66.Qf6+ Ke8 67.h6 Rb1+ 68.Kf2 R5b2+ 69.Ke3 Re1+ 70.Kd3 Rb3+
71.Kd2 Re7 72.h7 Rxh7 73.Qe6+ Kd8 74.Qg8+ Kc7 75.Qxh7+ Kc6 76.Qe7 Rb4 77.Kc3  1-0